| 000 | 00416ntaaa2200169 4500 | ||
|---|---|---|---|
| 003 | 01 | ||
| 005 | 20251027202056.0 | ||
| 008 | 0714s1973 ag 01 | ||
| 040 |
_aAR-BaBN _bspa _cAR-BaBN _eaacr _dRIC |
||
| 082 | _a252.0000 L96 | ||
| 245 | _aHalford Luccock treasury | ||
| 250 | _a1 ed. | ||
| 260 |
_aNew York : _bAbingdon Press, _cc1950, 1963 |
||
| 300 | _a446 p | ||
| 700 |
_aLuccock, Robert E. _919326 |
||
| 942 | _cBK | ||
| 999 |
_c15608 _d15608 |
||